[Event "BRA-ch U26"]
[Site "Brasilia"]
[Date "2022.09.22"]
[Round "4"]
[White "Santos, Matheus Silva"]
[Black "Cardoso, Alan Felipe"]
[Result "1-0"]
[WhiteElo "1777"]
[BlackElo "1553"]
[PlyCount "51"]
[EventDate "2022.09.20"]
[EventType "swiss"]
[EventRounds "6"]
[EventCountry "BRA"]
[SourceTitle "EXT 2024"]
[Source "ChessBase"]
[SourceDate "2023.10.10"]
[SourceVersion "1"]
[SourceVersionDate "2023.10.10"]
[SourceQuality "1"]

1. e4 d6 2. d4 Nf6 3. Nc3 c6 4. f4 Bg4 5. Nf3 e6 6. Be2 Be7 7. 0-0 d5 8. exd5 cxd5 9. Ne5 Bxe2 10. Qxe2 Qb6 11. a3 Nc6 12. Be3 0-0 13. Qd3 Rac8 14. f5 exf5 15. Qxf5 Qxb2 16. Ne2 Nxe5 17. dxe5 Ne4 18. e6 Qxc2 19. exf7+ Kh8 20. Nf4 Nf6 21. Ng6+ hxg6 22. Qh3+ Nh5 23. Rac1 Qe4 24. Rxc8 Rxc8 25. Qxc8+ Kh7 26. Qg8# 1-0

[Event "BRA-ch U26"]
[Site "Brasilia"]
[Date "2022.09.21"]
[Round "2"]
[White "Santos, Matheus Silva"]
[Black "De Souza Sa, Apolo"]
[Result "0-1"]
[WhiteElo "1777"]
[BlackElo "1929"]
[PlyCount "68"]
[EventDate "2022.09.20"]
[EventType "swiss"]
[EventRounds "6"]
[EventCountry "BRA"]
[SourceTitle "EXT 2024"]
[Source "ChessBase"]
[SourceDate "2023.10.10"]
[SourceVersion "1"]
[SourceVersionDate "2023.10.10"]
[SourceQuality "1"]

1. d4 Nf6 2. c4 g6 3. Nc3 d5 4. Nf3 Bg7 5. Bf4 0-0 6. cxd5 Nxd5 7. Nxd5 Qxd5 8. Bxc7 Nc6 9. e3 Bf5 10. Bd3 Rac8 11. Bxf5 Qxf5 12. Bg3 Qa5+ 13. Nd2 e5 14. 0-0 exd4 15. Nb3 Qd8 16. exd4 Nxd4 17. Nxd4 Qxd4 18. Rb1 Rfd8 19. Qb3 Qd5 20. Qa4 Qd4 21. Qb3 Qd5 22. Qa4 Bd4 23. Rbd1 b5 24. Qa3 Rc2 25. Rb1 Bc5 26. b4 Rxa2 27. Qxa2 Qxa2 28. bxc5 Qa6 29. Bd6 Qc6 30. Ra1 a6 31. Rfd1 a5 32. Rxa5 Qxc5 33. Ra6 Qc2 34. Rda1 Qd2 0-1

[Event "Santo Antonio de Jesus Bahia op"]
[Site "Santo Antonio de Jesus"]
[Date "2022.07.09"]
[Round "5"]
[White "Santos, Matheus Silva"]
[Black "Pomar, Marcelo Nascimento"]
[Result "1-0"]
[WhiteElo "1742"]
[BlackElo "1970"]
[PlyCount "85"]
[EventDate "2022.07.07"]
[EventType "swiss"]
[EventRounds "6"]
[EventCountry "BRA"]
[SourceTitle "CBM 209 Extra"]
[Source "ChessBase"]
[SourceDate "2022.09.30"]
[SourceVersion "1"]
[SourceVersionDate "2022.09.30"]
[SourceQuality "1"]

1. d4 Nf6 2. c4 e6 3. Nf3 Bb4+ 4. Bd2 Qe7 5. Nc3 b6 6. Nb5 Bxd2+ 7. Nxd2 d6 8. e4 e5 9. d5 0-0 10. Be2 Na6 11. h3 Bd7 12. Nc3 c6 13. 0-0 Nc7 14. Rc1 a6 15. b4 c5 16. bxc5 bxc5 17. Rb1 Rfb8 18. Qc2 Nce8 19. Rb3 g6 20. Rfb1 Qd8 21. Qc1 Ng7 22. Qa3 Rxb3 23. Nxb3 Nfh5 24. Qc1 Nf4 25. Bf1 Kh8 26. Kh2 f5 27. Nd2 Rb8 28. Nf3 Rb4 29. a3 Rb8 30. Rb2 Nfh5 31. Qg5 Qf8 32. Rxb8 Qxb8 33. Qe7 Ba4 34. Nxa4 fxe4 35. Ng5 h6 36. Nf7+ Kh7 37. Qxd6 Qb1 38. Be2 e3 39. Qf8 g5 40. Bd3+ Qxd3 41. Qh8+ Kg6 42. Nxe5+ Kf5 43. Nxd3 1-0

[Event "Brasilia Universities-ch"]
[Site "Brasilia"]
[Date "2021.10.15"]
[Round "5"]
[White "Santos, Matheus Silva"]
[Black "Monteiro, Luis Felipe Furtado"]
[Result "1-0"]
[WhiteElo "1945"]
[BlackElo "1941"]
[PlyCount "133"]
[EventDate "2021.10.12"]
[EventType "swiss"]
[EventRounds "6"]
[EventCountry "BRA"]
[SourceTitle "EXT 2023"]
[Source "ChessBase"]
[SourceDate "2022.10.05"]
[SourceVersion "1"]
[SourceVersionDate "2022.10.05"]
[SourceQuality "1"]

1. e4 c5 2. Nf3 Nc6 3. d4 cxd4 4. Nxd4 Nf6 5. Nc3 e5 6. Ndb5 d6 7. Bg5 a6 8. Na3 b5 9. Nd5 Be6 10. Bxf6 gxf6 11. c4 b4 12. Nc2 a5 13. g3 f5 14. exf5 Bxf5 15. Nce3 Be4 16. f3 Bg6 17. Qa4 Rc8 18. Bh3 Bg7 19. Bxc8 Qxc8 20. 0-0 f5 21. Rae1 Kf7 22. c5 dxc5 23. Nb6 Qe6 24. Rd1 Rb8 25. Nd7 Bh6 26. Ng2 Rc8 27. Nxc5 Qe8 28. Qb3+ Kg7 29. Qe6 Nd4 30. Qd6 Qc6 31. Qxc6 Rxc6 32. Nd3 Rc2 33. Rf2 Nxf3+ 34. Rxf3 e4 35. Nde1 Rxg2+ 36. Kxg2 exf3+ 37. Nxf3 Bf7 38. Rd7 Kf8 39. Ra7 Bxa2 40. Rxa5 Be6 41. Nd4 Bd7 42. Nxf5 Bc1 43. b3 Be6 44. Nd4 Bf7 45. Rb5 Bd2 46. Kf3 Bc3 47. Ke4 Bxd4 48. Kxd4 Bxb3 49. Rxb4 Bf7 50. Ke5 Kg7 51. Rb6 Bg6 52. Ke6 Bf7+ 53. Ke7 Bg6 54. Rf6 Bh5 55. h3 Bg6 56. g4 h6 57. h4 Bc2 58. Rf1 Bb3 59. Kd6 Bc4 60. Rf2 Bb3 61. Ke5 Bd1 62. h5 Bb3 63. Rd2 Ba4 64. Ra2 Bd1 65. Kf5 Bf3 66. Ra7+ Kf8 67. Rh7 1-0

[Event "Brasilia Universities-ch"]
[Site "Brasilia"]
[Date "2021.10.13"]
[Round "3"]
[White "Santos, Matheus Silva"]
[Black "Frois, Vitor Amorim"]
[Result "0-1"]
[WhiteElo "1945"]
[BlackElo "2169"]
[PlyCount "70"]
[EventDate "2021.10.12"]
[EventType "swiss"]
[EventRounds "6"]
[EventCountry "BRA"]
[SourceTitle "EXT 2023"]
[Source "ChessBase"]
[SourceDate "2022.10.05"]
[SourceVersion "1"]
[SourceVersionDate "2022.10.05"]
[SourceQuality "1"]

1. e4 c5 2. Nf3 d6 3. d4 cxd4 4. Nxd4 Nf6 5. Nc3 a6 6. Be2 e6 7. 0-0 Be7 8. Be3 0-0 9. f4 Nc6 10. Nb3 Qc7 11. Bf3 Re8 12. Qe1 Nd7 13. Qf2 b5 14. a3 Bb7 15. Rad1 Rac8 16. Kh1 Na5 17. Nxa5 Qxa5 18. f5 b4 19. fxe6 fxe6 20. axb4 Qxb4 21. Bg4 Bf6 22. Nd5 Bxd5 23. exd5 Qxg4 24. dxe6 Qxe6 25. Rfe1 Be5 26. c3 Nf6 27. h3 Ne4 28. Qf3 Ng3+ 29. Kg1 Qf7 30. Qxf7+ Kxf7 31. Ra1 Rb8 32. Rxa6 Rxb2 33. Ra7+ Kg6 34. Bf2 Rf8 35. Be3 Re2 0-1

[Event "BRA-ch sf Reg2 86th"]
[Site "Recife"]
[Date "2019.12.20"]
[Round "2"]
[White "Dos Santos, Fabio Alexandre"]
[Black "Santos, Matheus Silva"]
[Result "1-0"]
[WhiteElo "1822"]
[BlackElo "1797"]
[PlyCount "73"]
[EventDate "2019.12.19"]
[EventType "swiss"]
[EventRounds "7"]
[EventCountry "BRA"]
[SourceTitle "CBM 194 Extra"]
[Source "ChessBase"]
[SourceDate "2020.03.31"]
[SourceVersion "1"]
[SourceVersionDate "2020.03.31"]
[SourceQuality "1"]

1. d4 Nf6 2. Bg5 d5 3. Nd2 h6 4. Bh4 e6 5. e3 Be7 6. Bd3 Nbd7 7. Ngf3 c5 8. c3 0-0 9. 0-0 Qc7 10. e4 dxe4 11. Nxe4 Re8 12. Bg3 Qc6 13. Qe2 Nh5 14. Ne5 Nxg3 15. Nxg3 Qc7 16. f4 Nf6 17. Nh5 Nxh5 18. Qxh5 Bf6 19. Nxf7 Qxf7 20. Bg6 Qe7 21. Bxe8 cxd4 22. Rad1 Bd7 23. Bxd7 Qxd7 24. cxd4 Bxd4+ 25. Kh1 Rf8 26. Qe2 Rf5 27. Qe4 Rd5 28. b3 Bc5 29. Rxd5 Qxd5 30. Qxd5 exd5 31. Rd1 d4 32. g4 a5 33. Kg2 Kf7 34. Kf3 Ke6 35. Ke4 h5 36. h3 b6 37. Rxd4 1-0

[Event "BRA-ch sf Reg2 86th"]
[Site "Recife"]
[Date "2019.12.19"]
[Round "1"]
[White "Santos, Matheus Silva"]
[Black "Marques, Jose Gustavo Santos"]
[Result "1/2-1/2"]
[WhiteElo "1797"]
[BlackElo "1866"]
[PlyCount "56"]
[EventDate "2019.12.19"]
[EventType "swiss"]
[EventRounds "7"]
[EventCountry "BRA"]
[SourceTitle "CBM 194 Extra"]
[Source "ChessBase"]
[SourceDate "2020.03.31"]
[SourceVersion "1"]
[SourceVersionDate "2020.03.31"]
[SourceQuality "1"]

1. e4 e6 2. d4 d5 3. Nc3 Nf6 4. Bg5 Be7 5. e5 Nfd7 6. Bxe7 Qxe7 7. Nb5 Qd8 8. Nf3 0-0 9. Bd3 a6 10. Na3 c5 11. c3 Nc6 12. h4 f5 13. Ng5 Qe7 14. Nc2 cxd4 15. cxd4 Nxd4 16. Nxd4 Qb4+ 17. Kf1 Qxd4 18. Nxe6 Qxe5 19. Nxf8 Nxf8 20. Qe2 Qf6 21. Re1 Be6 22. Qe5 Qf7 23. Rh3 Re8 24. Rhe3 Ng6 25. Qd6 Nf8 26. Qe5 Ng6 27. Qd6 Nf8 28. Qe5 Ng6 1/2-1/2

[Event "Barra de Sao Miguel op"]
[Site "Barra de Sao Miguel"]
[Date "2019.10.13"]
[Round "7"]
[White "De Lima, Alexsandro Barros"]
[Black "Santos, Matheus Silva"]
[Result "0-1"]
[WhiteElo "2232"]
[BlackElo "1829"]
[PlyCount "62"]
[EventDate "2019.10.10"]
[EventType "swiss"]
[EventRounds "7"]
[EventCountry "BRA"]
[SourceTitle "CBM 192 Extra"]
[Source "Chessbase"]
[SourceDate "2019.11.06"]
[SourceVersion "1"]
[SourceVersionDate "2019.11.06"]
[SourceQuality "1"]

1. c4 e6 2. Nf3 d5 3. e3 Nf6 4. Nc3 a6 5. b3 Bd6 6. Bb2 0-0 7. Qc2 dxc4 8. bxc4 Bd7 9. d4 Bc6 10. 0-0-0 b5 11. d5 exd5 12. Nxd5 Bxd5 13. cxd5 Qe7 14. Bd3 c6 15. Kb1 cxd5 16. Nd4 g6 17. h4 Nbd7 18. h5 Ne5 19. hxg6 fxg6 20. f3 Rac8 21. Qe2 Nc4 22. Bxc4 Rxc4 23. Rc1 Rfc8 24. Nb3 Ba3 25. Qd2 Bxb2 26. Kxb2 Qe5+ 27. Kb1 b4 28. Nd4 a5 29. g4 a4 30. Rhd1 b3 31. Ne2 Rc2 0-1

[Event "Barra de Sao Miguel op"]
[Site "Barra de Sao Miguel"]
[Date "2019.10.12"]
[Round "4"]
[White "Oliveira, Ornan Filipe de Ara"]
[Black "Santos, Matheus Silva"]
[Result "0-1"]
[WhiteElo "2035"]
[BlackElo "1829"]
[PlyCount "68"]
[EventDate "2019.10.10"]
[EventType "swiss"]
[EventRounds "7"]
[EventCountry "BRA"]
[SourceTitle "CBM 192 Extra"]
[Source "Chessbase"]
[SourceDate "2019.11.06"]
[SourceVersion "1"]
[SourceVersionDate "2019.11.06"]
[SourceQuality "1"]

1. e4 c5 2. Nf3 a6 3. d4 cxd4 4. Nxd4 e5 5. Nb3 Nf6 6. Nc3 Bb4 7. Bd3 d5 8. Qe2 d4 9. a3 Bxc3+ 10. bxc3 dxc3 11. 0-0 0-0 12. f4 Bg4 13. Qe1 Nbd7 14. Qxc3 Qb6+ 15. Kh1 Rac8 16. Qa5 exf4 17. Qxb6 Nxb6 18. Rxf4 Nc4 19. h3 Bd7 20. Nd4 Rfe8 21. Nf5 Bxf5 22. exf5 Re1+ 23. Kh2 Nxa3 24. Rxa3 Rxc1 25. Rb4 Nd7 26. Rxb7 Ne5 27. Be4 h5 28. Rxa6 Rd8 29. Re7 Nc4 30. Raa7 Re1 31. Bf3 Rxe7 32. Rxe7 h4 33. Re4 Nd2 34. Rc4 Nxc4 0-1

[Event "Barra de Sao Miguel op"]
[Site "Barra de Sao Miguel"]
[Date "2019.10.11"]
[Round "3"]
[White "Santos, Matheus Silva"]
[Black "Nogueira, Ivan Kuhlmann"]
[Result "0-1"]
[WhiteElo "1829"]
[BlackElo "2270"]
[PlyCount "50"]
[EventDate "2019.10.10"]
[EventType "swiss"]
[EventRounds "7"]
[EventCountry "BRA"]
[SourceTitle "CBM 192 Extra"]
[Source "Chessbase"]
[SourceDate "2019.11.06"]
[SourceVersion "1"]
[SourceVersionDate "2019.11.06"]
[SourceQuality "1"]

1. e4 e5 2. Nf3 Nc6 3. Bc4 Nf6 4. d4 exd4 5. e5 d5 6. Bb5 Ne4 7. 0-0 Bg4 8. h3 Bxf3 9. Qxf3 Be7 10. Nd2 Nxd2 11. Bxd2 0-0 12. Rfe1 f6 13. e6 Ne5 14. Qh5 c6 15. f4 Nc4 16. Bxc4 dxc4 17. f5 Qd5 18. Rf1 Bd6 19. Bf4 Bc5 20. Rf3 Rae8 21. Kh1 Rxe6 22. Rd1 Rfe8 23. Rg3 Bf8 24. Bh6 Re1+ 25. Kh2 Bd6 0-1

[Event "Aracaju Sergipe Memorial"]
[Site "Aracaju"]
[Date "2016.08.13"]
[Round "3.9"]
[White "Santos, Matheus Silva"]
[Black "Trindade, Gabriel Coutinho"]
[Result "1-0"]
[WhiteElo "1800"]
[BlackElo "1754"]
[PlyCount "37"]
[EventDate "2016.08.12"]
[EventType "swiss"]
[EventRounds "5"]
[EventCountry "BRA"]
[SourceTitle "EXT 2022"]
[Source "ChessBase"]
[SourceDate "2021.10.06"]
[SourceVersion "1"]
[SourceVersionDate "2021.10.06"]
[SourceQuality "1"]

1. e4 e5 2. Nf3 d6 3. Bc4 Be7 4. d4 Bg4 5. dxe5 Nc6 6. exd6 Bxd6 7. Nc3 Bxf3 8. Qxf3 Ne5 9. Qe2 Nxc4 10. Qxc4 Nf6 11. Bg5 Qe7 12. 0-0-0 Qe5 13. f4 Qc5 14. Qa4+ c6 15. e5 Qe3+ 16. Kb1 Bxe5 17. fxe5 Qxg5 18. exf6 Qxf6 19. Rhe1+ 1-0

[Event "Aracaju Sergipe Memorial"]
[Site "Aracaju"]
[Date "2016.08.12"]
[Round "1.1"]
[White "Santos, Matheus Silva"]
[Black "Da Rocha, Fabio"]
[Result "1/2-1/2"]
[WhiteElo "1800"]
[BlackElo "2014"]
[PlyCount "72"]
[EventDate "2016.08.12"]
[EventType "swiss"]
[EventRounds "5"]
[EventCountry "BRA"]
[SourceTitle "EXT 2022"]
[Source "ChessBase"]
[SourceDate "2021.10.06"]
[SourceVersion "1"]
[SourceVersionDate "2021.10.06"]
[SourceQuality "1"]

1. e4 e5 2. Nf3 Nc6 3. Bc4 Nf6 4. d3 Bc5 5. 0-0 0-0 6. Nc3 h6 7. Nd5 d6 8. c3 a6 9. d4 Ba7 10. Be3 Nxe4 11. Re1 Nf6 12. Qd2 Ng4 13. Rad1 e4 14. h3 Nxe3 15. Rxe3 exf3 16. Rxf3 Be6 17. Nf6+ Kh8 18. Re1 d5 19. Bd3 Nb8 20. Re5 Nd7 21. Rh5 Nxf6 22. Rxh6+ Kg8 23. Rg3 Ne4 24. Bxe4 dxe4 25. Qe2 Qd5 26. Rh5 Bf5 27. Rgg5 g6 28. g4 Kg7 29. gxf5 Kf6 30. fxg6 Qxg5+ 31. Rxg5 Kxg5 32. gxf7 Rxf7 33. Qxe4 Raf8 34. Qg4+ Kh6 35. Qh4+ Kg6 36. Qg4+ Kh6 1/2-1/2